| 000 | 00684nam a2200265Ia 4500 | ||
|---|---|---|---|
| 003 | OSt | ||
| 005 | 20221006152604.0 | ||
| 006 | a|||||r|||| 00| 0 | ||
| 007 | ta | ||
| 008 | 221006b |||||||| |||| 00| 0 fre d | ||
| 020 | _a0060450312 | ||
| 024 | _a28,970 | ||
| 037 | _cTextual | ||
| 040 |
_aEASL _cEASL _bfre |
||
| 041 |
_2fre _afre |
||
| 082 | _a332.46, PAT | ||
| 100 | _aPatinkin Don | ||
| 245 | 0 | _aStudies in monetary economics | |
| 250 | _a2nd | ||
| 260 |
_aNew York _bHarper & Row _c1972 |
||
| 300 |
_a262p. 25 cm. _ccm. |
||
| 650 |
_aEducational Psychology _937149 |
||
| 942 |
_h332.46, PAT _cTEXL _2CC |
||
| 999 |
_c1097056 _d1097056 |
||